000 00585nam a2200241Ia 4500
003 OSt
005 20220912152147.0
006 a|||||r|||| 00| 0
007 ta
008 220909b |||||||| |||| 00| 0 eng d
024 _a57563
037 _cTextual
040 _aCSL
_beng
_cCSL
041 _aeng
082 _aJ771:77:97, J4 CS
100 _aRogers Matilda
245 0 _aFirst book of cotton
260 _c1954
300 _ap.
_ccm.
650 _aAgriculture
942 _hJ771:77:97, J4 CS
_cTEXL
_2CC
999 _c82165
_d82165